[Event "Ontario Closed"]
[Site "Ottawa CAN"]
[Date "2005.03.05"]
[Round "2"]
[White "Quan Zhe"]
[Black "Pacey, Kevin"]
[Result "1-0"]
[WhiteElo "2403"]
[BlackElo "2210"]
[PlyCount "63"]
[EventDate "2005.03.04"]
[EventType "swiss"]
[EventRounds "5"]
[EventCountry "CAN"]

1. d4 e6 2. c4 d5 3. Nc3 c5 4. cxd5 exd5 5. Nf3 Nc6 6. g3 Nf6 7. Bg2 Be7 8. O-O
O-O 9. Bg5 cxd4 10. Nxd4 h6 11. Be3 Re8 12. Qb3 Na5 13. Qc2 Be6 14. Nf5 Bb4 15.
Rad1 Bxc3 16. bxc3 Qd7 17. Nd4 Nc4 18. Bf4 Bh3 19. Rfe1 Bxg2 20. Kxg2 Re4 21.
Nf3 Rae8 22. Rd4 Qe7 23. Rxe4 dxe4 24. Nd2 Nxd2 25. Qxd2 Rd8 26. Qc2 Nd5 27.
Bc1 Rc8 28. Bb2 Nb6 29. Rd1 Nc4 30. Bc1 e3 31. f3 Rd8 32. Qe4 1-0

[Event "Ontario Closed"]
[Site "Ottawa CAN"]
[Date "2005.03.05"]
[Round "3"]
[White "Barclay, Wayne"]
[Black "Quan Zhe"]
[Result "1/2-1/2"]
[WhiteElo "2240"]
[BlackElo "2403"]
[PlyCount "51"]
[EventDate "2005.03.04"]
[EventType "swiss"]
[EventRounds "5"]
[EventCountry "CAN"]

1. d4 Nf6 2. c4 c5 3. d5 b5 4. cxb5 a6 5. bxa6 g6 6. Nc3 Bxa6 7. e4 Bxf1 8.
Kxf1 d6 9. Nge2 Bg7 10. h3 Nbd7 11. Rb1 O-O 12. Be3 Qa5 13. Kg1 Ne5 14. b3 Qa6
15. Kh2 Rfb8 16. Qc2 Qd3 17. Qxd3 Nxd3 18. Rhd1 Nb4 19. a4 Nc2 20. Bc1 c4 21.
e5 Ne8 22. exd6 Nxd6 23. bxc4 Rxb1 24. Nxb1 Nxc4 25. Nbc3 Nb6 26. Bf4 1/2-1/2

[Event "Ontario Closed"]
[Site "Ottawa CAN"]
[Date "2005.03.06"]
[Round "4"]
[White "Quan Zhe"]
[Black "Davies, Alex"]
[Result "1-0"]
[WhiteElo "2403"]
[BlackElo "2261"]
[PlyCount "93"]
[EventDate "2005.03.04"]
[EventType "swiss"]
[EventRounds "5"]
[EventCountry "CAN"]

1. d4 d5 2. c4 dxc4 3. e3 e5 4. Bxc4 Nc6 5. Nf3 e4 6. Nfd2 Qg5 7. g3 Nf6 8. Nc3
Qg6 9. a3 Bd6 10. Nd5 O-O 11. Nxf6+ gxf6 12. b4 Bf5 13. Bb2 a5 14. b5 Nd8 15.
h3 Re8 16. Qc2 Rc8 17. Bb3 Bd7 18. Nc4 Qh5 19. a4 Qf3 20. Rg1 Bxh3 21. Nd2 Bb4
22. Bc3 Bxc3 23. Qxc3 Qg4 24. Rh1 b6 25. Bd1 Qf5 26. Qc2 c6 27. g4 Bxg4 28. Rg1
h5 29. Bf3 cxb5 30. Bxe4 Qg5 31. Qxc8 Bxc8 32. Rxg5+ fxg5 33. axb5 Bd7 34. Bg2
Ne6 35. Ne4 Kg7 36. Kd2 Nc7 37. Nxg5 Nxb5 38. Bd5 f6 39. Ne4 Rf8 40. Rg1+ Kh6
41. Bc4 f5 42. Ng3 f4 43. Ne4 fxe3+ 44. fxe3 Bc6 45. d5 Rd8 46. Nf6 Nd6 47. Bd3
1-0

[Event "Ontario Closed"]
[Site "Ottawa CAN"]
[Date "2005.03.06"]
[Round "5"]
[White "Quan Zhe"]
[Black "Predescu, Sebastian"]
[Result "1-0"]
[WhiteElo "2403"]
[BlackElo "2245"]
[PlyCount "63"]
[EventDate "2005.03.04"]
[EventType "swiss"]
[EventRounds "5"]
[EventCountry "CAN"]

1. d4 Nf6 2. c4 g6 3. Nc3 Bg7 4. e4 d6 5. f3 O-O 6. Be3 c5 7. Nge2 Nc6 8. d5
Ne5 9. Ng3 e6 10. Be2 exd5 11. cxd5 h5 12. O-O Nh7 13. Qd2 h4 14. Nh1 Re8 15.
Nf2 f5 16. Kh1 a6 17. a4 Qe7 18. Rg1 g5 19. f4 gxf4 20. Bxf4 Ng4 21. Bxg4 fxg4
22. e5 dxe5 23. Bh6 Bf5 24. Nfe4 Rad8 25. Bxg7 Kxg7 26. Rad1 b6 27. a5 bxa5 28.
Qe2 Nf6 29. d6 Qb7 30. Nxf6 Kxf6 31. Rdf1 e4 32. Qxg4 1-0

[Event "Kitchener Futurity"]
[Site "Kitchener CAN"]
[Date "2003.07.25"]
[Round "1"]
[White "Day, Lawrence"]
[Black "Quan Zhe"]
[Result "0-1"]
[WhiteElo "2294"]
[BlackElo "2303"]
[PlyCount "96"]
[EventDate "2003.07.25"]
[EventType "schev"]
[EventRounds "10"]
[EventCountry "CAN"]
[Source "Mark Crowther"]
[SourceDate "2003.07.28"]

1. Nf3 Nf6 2. d4 g6 3. Bf4 Bg7 4. e3 d6 5. h3 O-O 6. Be2 Nbd7 7. O-O Qe8 8. Bh2
e5 9. Re1 h6 10. c4 Ne4 11. Qc2 f5 12. dxe5 dxe5 13. Nbd2 Nxd2 14. Nxd2 Qe7 15.
Rac1 c5 16. Nb1 e4 17. Nc3 Ne5 18. Nd5 Qf7 19. a3 Be6 20. Nf4 Rfd8 21. Nxe6
Qxe6 22. Red1 Bf6 23. b4 Rac8 24. b5 a5 25. Rxd8+ Rxd8 26. Rd1 Rxd1+ 27. Qxd1
Nd7 28. Kf1 Kf7 29. Qd2 b6 30. Ke1 Ke7 31. f4 exf3 32. Bxf3 Be5 33. Bd5 Qf6 34.
Bxe5 Qxe5 35. Kf2 Nf6 36. Bf3 g5 37. Qd3 h5 38. Bc6 h4 39. Ke2 g4 40. Kd1 Ke6
41. Qd8 Qd6+ 42. Qxd6+ Kxd6 43. Ke2 Ke5 44. Bb7 Ne4 45. Bd5 Nc3+ 46. Kf1 Nxd5
47. cxd5 Kxd5 48. g3 hxg3 0-1

[Event "Kitchener Futurity"]
[Site "Kitchener CAN"]
[Date "2003.07.28"]
[Round "5"]
[White "Garcia, Alvaro"]
[Black "Quan Zhe"]
[Result "0-1"]
[WhiteElo "2253"]
[BlackElo "2303"]
[PlyCount "104"]
[EventDate "2003.07.25"]
[EventType "schev"]
[EventRounds "10"]
[EventCountry "CAN"]

1. d4 Nf6 2. c4 g6 3. Nc3 Bg7 4. e4 d6 5. Nge2 O-O 6. Ng3 e5 7. d5 c6 8. Be2
cxd5 9. cxd5 Nbd7 10. Bg5 a6 11. Qd2 Qe8 12. h4 h5 13. Bh6 Kh7 14. Bxg7 Kxg7
15. Bxh5 Nxh5 16. Nxh5+ gxh5 17. Qg5+ Kh7 18. Qf5+ Kg7 19. Qg5+ Kh7 20. Qxh5+
Kg7 21. Qg5+ Kh7 22. Qf5+ Kg7 23. Qg5+ Kh7 24. Qh5+ Kg7 25. Rh3 Rg8 26. Rg3+
Kf6 27. O-O-O Rxg3 28. fxg3 Ke7 29. Rf1 Qg8 30. Qf3 Qg7 31. g4 Nc5 32. g5 Bd7
33. Qe3 a5 34. Rf6 Rf8 35. b3 Qh7 36. Rh6 Qg7 37. Rf6 b5 38. g3 b4 39. Nd1 a4
40. Nf2 axb3 41. axb3 Ra8 42. Nd3 Nxb3+ 43. Kb2 Nd4 44. Nxb4 Qg8 45. Qf2 Rb8
46. Rxd6 Rxb4+ 47. Kc3 Rb3+ 48. Kc4 Bb5+ 49. Kc5 Rc3+ 50. Kb4 Rc4+ 51. Ka3 Qa8+
52. Kb2 Rb4+ 0-1

[Event "Kitchener Futurity"]
[Site "Kitchener CAN"]
[Date "2003.07.29"]
[Round "6"]
[White "Quan Zhe"]
[Black "Day, Lawrence"]
[Result "1-0"]
[WhiteElo "2303"]
[BlackElo "2294"]
[PlyCount "65"]
[EventDate "2003.07.25"]
[EventType "schev"]
[EventRounds "10"]
[EventCountry "CAN"]

1. d4 d6 2. c4 e5 3. Nf3 Nd7 4. Nc3 c6 5. g3 Ngf6 6. Bg2 Be7 7. O-O O-O 8. e4
a6 9. a4 exd4 10. Nxd4 g6 11. h3 Re8 12. Qc2 Bf8 13. Be3 a5 14. Rad1 Qc7 15.
Rfe1 Nc5 16. f4 Qb6 17. b3 Bg7 18. Bf2 Qc7 19. Re2 Qb6 20. Kh1 h5 21. e5 dxe5
22. fxe5 Nh7 23. e6 f5 24. g4 hxg4 25. hxg4 Qb4 26. gxf5 gxf5 27. Na2 Qa3 28.
Nxf5 Qxb3 29. Nxg7 Qxc2 30. Rxc2 Kxg7 31. Bxc5 Bxe6 32. Bd4+ Kh6 33. Be4 1-0

[Event "Kitchener Futurity"]
[Site "Kitchener CAN"]
[Date "2003.07.30"]
[Round "7"]
[White "Hutters, Tomas"]
[Black "Quan Zhe"]
[Result "0-1"]
[WhiteElo "2400"]
[BlackElo "2303"]
[PlyCount "102"]
[EventDate "2003.07.25"]
[EventType "schev"]
[EventRounds "10"]
[EventCountry "CAN"]

1. d4 Nf6 2. Nf3 g6 3. c4 Bg7 4. Nc3 O-O 5. e4 d6 6. h3 e5 7. d5 a5 8. Bg5 Na6
9. Nd2 Qe8 10. g4 Nd7 11. Be2 Ndc5 12. Nb3 h6 13. Be3 b6 14. Nxc5 Nxc5 15. Qd2
Kh7 16. Bd1 f5 17. exf5 gxf5 18. Bc2 e4 19. O-O-O Qe5 20. Rde1 Bd7 21. f4 Qf6
22. Bxc5 dxc5 23. gxf5 Bxf5 24. Bxe4 Rae8 25. Qd3 Rxe4 26. Rxe4 Re8 27. Rhe1
Rxe4 28. Nxe4 Qxb2+ 29. Kd1 Qa1+ 30. Kd2 Qxa2+ 31. Qc2 Qa3 32. Re3 Qb4+ 33. Ke2
a4 34. Ng5+ Kg6 35. Re6+ Bf6 36. Ne4 Bxe6 37. dxe6 Qb3 38. Qxb3 axb3 39. Kd3
Bh4 40. Nc3 Kf5 41. Nd5 Kxe6 42. Nxc7+ Kf5 43. Nd5 Bf6 44. Nxb6 Kxf4 45. Nd5+
Kf5 46. Nxf6 Kxf6 47. Kc3 Ke5 48. Kxb3 Kd4 49. Kb2 h5 50. h4 Ke4 51. Kc2 Kd4
0-1

[Event "Kitchener Futurity"]
[Site "Kitchener CAN"]
[Date "2003.08.02"]
[Round "10"]
[White "Quan Zhe"]
[Black "Garcia, Alvaro"]
[Result "1/2-1/2"]
[WhiteElo "2303"]
[BlackElo "2253"]
[PlyCount "65"]
[EventDate "2003.07.25"]
[EventType "schev"]
[EventRounds "10"]
[EventCountry "CAN"]

1. d4 c5 2. d5 Nf6 3. c4 e6 4. Nc3 a6 5. a4 exd5 6. cxd5 d6 7. e4 g6 8. Be2 Bg7
9. Nf3 O-O 10. Nd2 Re8 11. O-O Nbd7 12. f4 Rb8 13. a5 b5 14. axb6 Nxb6 15. Bf3
c4 16. Re1 Qc7 17. Nf1 Nfd7 18. Na4 Nxa4 19. Rxa4 Bxb2 20. Bxb2 Rxb2 21. Qd4
Nb6 22. Ra3 Rb5 23. Ne3 Qc5 24. Qc3 f5 25. exf5 Bxf5 26. Kf2 Be4 27. Bxe4 Rxe4
28. Rxa6 Nxd5 29. Ra8+ Kf7 30. Qh8 Ne7 31. Qxh7+ Ke6 32. Qh3+ Kf7 33. Qh7+
1/2-1/2

[Event "CAN-op"]
[Site "Kapuskasing CAN"]
[Date "2003.07.20"]
[Round "10"]
[White "Nataf, Igor A"]
[Black "Quan Zhe"]
[Result "1-0"]
[WhiteElo "2580"]
[BlackElo "2465"]
[PlyCount "87"]
[EventDate "2003.07.12"]
[EventType "swiss"]
[EventRounds "9"]
[EventCountry "CAN"]

1. e4 c5 2. Nf3 d6 3. d4 cxd4 4. Nxd4 Nf6 5. Nc3 a6 6. Bg5 e6 7. f4 Nbd7 8. Qf3
Qc7 9. O-O-O b5 10. Bd3 Bb7 11. Rhe1 Be7 12. Qg3 Qb6 13. Nxe6 fxe6 14. e5 dxe5
15. fxe5 O-O-O 16. exf6 gxf6 17. Be3 Bc5 18. Be4 Rhg8 19. Bxc5 Nxc5 20. Bxb7+
Qxb7 21. Rxd8+ Rxd8 22. b4 Na4 23. Nxa4 bxa4 24. Rxe6 Rd1+ 25. Kxd1 Qd5+ 26.
Kc1 Qxe6 27. Qh3 f5 28. Kb2 Qe4 29. Qc3+ Kb8 30. Qh8+ Kc7 31. Qxh7+ Kb6 32.
Qh6+ Kc7 33. Qg7+ Kb8 34. a3 a5 35. bxa5 Qd5 36. Qc3 f4 37. Qb4+ Ka8 38. Qxf4
Qxg2 39. Qf8+ Ka7 40. Qc5+ Ka8 41. Qc8+ Ka7 42. Qc7+ Ka8 43. a6 Qd5 44. Qb7+
1-0

[Event "Futurity III"]
[Site "Montreal CAN"]
[Date "2003.04.17"]
[Round "2"]
[White "Quan Zhe"]
[Black "Burnett, Ronald"]
[Result "1/2-1/2"]
[WhiteElo "2610"]
[BlackElo "2449"]
[PlyCount "68"]
[EventDate "2003.04.16"]
[EventType "tourn"]
[EventRounds "9"]
[EventCountry "CAN"]

1. d4 g6 2. c4 Bg7 3. Nc3 d6 4. e4 e5 5. Nge2 Nc6 6. Be3 exd4 7. Nxd4 Nge7 8.
Be2 O-O 9. O-O f5 10. Nxc6 bxc6 11. Bd4 c5 12. Bxg7 Kxg7 13. Bf3 Rb8 14. Qd2
Bb7 15. Nd5 fxe4 16. Bxe4 Bxd5 17. Bxd5 Nxd5 18. cxd5 Qf6 19. b3 Rb4 20. Rad1
Re8 21. h3 a5 22. Rfe1 Kf7 23. Rxe8 Kxe8 24. a3 Rxb3 25. Qxa5 Rb2 26. Rf1 Qf7
27. Qa8+ Kd7 28. Qc6+ Kd8 29. Qa8+ Kd7 30. Qa4+ Kc8 31. Qa8+ Kd7 32. Qa4+ Kc8
33. Qa8+ Kd7 34. Qc6+ Kd8 1/2-1/2

[Event "Futurity III"]
[Site "Montreal CAN"]
[Date "2003.04.21"]
[Round "5"]
[White "Quan Zhe"]
[Black "Voskanyan, Vahagn"]
[Result "1-0"]
[WhiteElo "2610"]
[BlackElo "2303"]
[PlyCount "79"]
[EventDate "2003.04.16"]
[EventType "tourn"]
[EventRounds "9"]
[EventCountry "CAN"]

1. d4 Nf6 2. c4 g6 3. Nc3 d5 4. Bf4 Bg7 5. e3 c5 6. dxc5 Qa5 7. Qa4+ Qxa4 8.
Nxa4 Na6 9. cxd5 Nb4 10. Bb5+ Kf8 11. Rd1 Nfxd5 12. e4 e5 13. exd5 exf4 14. Nf3
Bg4 15. O-O Nxa2 16. Rfe1 g5 17. c6 bxc6 18. dxc6 Bf6 19. h3 Bxf3 20. gxf3 Nb4
21. c7 Kg7 22. Bd7 Na6 23. Rc1 Rac8 24. Bxc8 Rxc8 25. Nc5 Nb4 26. Re4 a5 27.
Na4 Nd5 28. Rc5 Nxc7 29. Rec4 Bd8 30. Rxa5 Rb8 31. Ra7 Ne6 32. b4 Bf6 33. Nc5
Nd4 34. Kg2 Nf5 35. Nd7 Rd8 36. Nxf6 Kxf6 37. Kf1 Nd4 38. Ra3 Nb5 39. Ra6+ Ke7
40. Ra1 1-0

[Event "Futurity III"]
[Site "Montreal CAN"]
[Date "2003.04.22"]
[Round "6"]
[White "Rousseau, Daniel"]
[Black "Quan Zhe"]
[Result "0-1"]
[WhiteElo "2065"]
[BlackElo "2610"]
[PlyCount "100"]
[EventDate "2003.04.16"]
[EventType "tourn"]
[EventRounds "9"]
[EventCountry "CAN"]

1. e4 c5 2. Nf3 d6 3. d4 cxd4 4. Nxd4 Nf6 5. Nc3 a6 6. a4 e5 7. Nb3 Be6 8. Be2
Be7 9. O-O Nbd7 10. a5 O-O 11. Be3 Rc8 12. Ra4 Qc7 13. f3 Qc6 14. g4 d5 15. g5
d4 16. gxf6 Bxf6 17. Nxd4 exd4 18. Bxd4 Nc5 19. Rb4 Rfd8 20. Qd2 Bh3 21. Nd5
Bxd4+ 22. Rxd4 Qg6+ 23. Kf2 Qg2+ 24. Ke1 Re8 25. Rf2 Qg1+ 26. Bf1 f5 27. Nf4
Bxf1 28. Rxf1 Qg5 29. b4 Na4 30. Nd5 Qh4+ 31. Kd1 fxe4 32. Re1 Nb2+ 33. Kc1
Nd3+ 34. Rxd3 exd3 35. Rxe8+ Rxe8 36. Qxd3 Qe1+ 37. Kb2 Qe5+ 38. Kb3 Qxh2 39.
Nc3 Qe5 40. Ne4 h5 41. Nd6 Qe6+ 42. Qc4 Qxc4+ 43. Kxc4 Re7 44. Kd5 Rd7 45. c4
h4 46. c5 h3 47. b5 h2 48. Ke6 Rxd6+ 49. cxd6 h1=Q 50. d7 Qh4 0-1

[Event "Futurity III"]
[Site "Montreal CAN"]
[Date "2003.04.25"]
[Round "9"]
[White "Quan Zhe"]
[Black "Gilman, Arkadiy"]
[Result "1/2-1/2"]
[WhiteElo "2610"]
[BlackElo "2202"]
[PlyCount "150"]
[EventDate "2003.04.16"]
[EventType "tourn"]
[EventRounds "9"]
[EventCountry "CAN"]

1. d4 d5 2. c4 e6 3. Nc3 Nf6 4. e3 c6 5. Qc2 b6 6. b3 Bb7 7. Be2 Be7 8. Bb2 O-O
9. Nf3 Nbd7 10. O-O Rc8 11. Rac1 Qc7 12. Qb1 Qb8 13. Rfd1 Rfd8 14. h3 h6 15. a3
c5 16. cxd5 Nxd5 17. Ne4 cxd4 18. Nxd4 N7f6 19. Bf3 Rxc1 20. Rxc1 Rc8 21. b4
Nxe4 22. Bxe4 Bf6 23. Rxc8+ Qxc8 24. Nb5 Bxb2 25. Qxb2 Qc6 26. Nd4 Qc4 27. Bf3
g6 28. Qd2 h5 29. Ne2 Bc6 30. Bxd5 Qxd5 31. Qxd5 Bxd5 32. Nc3 Bb7 33. h4 Kf8
34. Nb5 a5 35. Nd6 axb4 36. axb4 Bc6 37. Nc4 b5 38. Ne5 Be8 39. f3 Ke7 40. Kf2
Kd6 41. Nd3 Kd5 42. g4 f6 43. Nc5 e5 44. Ne4 Ke6 45. gxh5 gxh5 46. Ke2 Bc6 47.
Ng3 Be8 48. Kd3 Bg6+ 49. Kc3 Kd5 50. Ne2 Bh7 51. Ng3 Bg6 52. Ne2 Bh7 53. f4 Ke4
54. Kd2 Kd5 55. Ng3 Bg6 56. f5 Bf7 57. Kd3 Kd6 58. Ne4+ Ke7 59. Kc3 Bc4 60. Nc5
Kd6 61. Kd2 Bf7 62. Ne4+ Ke7 63. Ke2 Bd5 64. Ng3 Bf7 65. Kf2 Kd6 66. Kf3 Bd5+
67. Ke2 Bf7 68. Ne4+ Ke7 69. Nc5 Ba2 70. Ne4 Bd5 71. Nf2 Kd6 72. Kd3 Bc4+ 73.
Kd2 Bd5 74. Kc3 Ke7 75. Nd3 Kd6 1/2-1/2

[Event "World op"]
[Site "Philadelphia USA"]
[Date "2002.06.30"]
[Round "2"]
[White "Quan Zhe"]
[Black "Rey, Guillermo"]
[Result "1/2-1/2"]
[WhiteElo "2172"]
[BlackElo "2358"]
[PlyCount "32"]
[EventDate "2002.06.29"]
[EventType "swiss"]
[EventRounds "9"]
[EventCountry "USA"]
[Source "Mark Crowther"]
[SourceDate "2002.07.15"]

1. d4 d5 2. c4 c6 3. cxd5 cxd5 4. Nc3 Nc6 5. Nf3 Nf6 6. Bf4 Ne4 7. e3 Nxc3 8.
bxc3 g6 9. Bd3 Bg7 10. O-O O-O 11. c4 dxc4 12. Bxc4 Bf5 13. Rc1 Rc8 14. Qe2 Na5
15. Bd3 Bxd3 16. Qxd3 Qd7 1/2-1/2

[Event "World op"]
[Site "Philadelphia USA"]
[Date "2002.07.06"]
[Round "8"]
[White "Mikhailuk, Slava"]
[Black "Quan Zhe"]
[Result "1-0"]
[WhiteElo "2440"]
[BlackElo "2172"]
[PlyCount "71"]
[EventDate "2002.06.29"]
[EventType "swiss"]
[EventRounds "9"]
[EventCountry "USA"]
[Source "Mark Crowther"]
[SourceDate "2002.07.15"]

1. c4 g6 2. Nc3 Bg7 3. g3 d6 4. Bg2 e5 5. Nf3 Nf6 6. O-O O-O 7. d3 Nc6 8. Bd2
h6 9. Rc1 Nd7 10. Nd5 Ne7 11. b4 c6 12. Nxe7+ Qxe7 13. Ne1 f5 14. Bc3 g5 15. b5
c5 16. f4 Nf6 17. Nc2 exf4 18. gxf4 g4 19. e4 Nh5 20. Ne3 Bxc3 21. Rxc3 fxe4
22. f5 Qe5 23. Nxg4 Qd4+ 24. Kh1 Kh8 25. Qd2 Qg7 26. Bxe4 Nf6 27. Nxf6 Qxf6 28.
Rc2 Rg8 29. Qc3 Rf8 30. Qxf6+ Rxf6 31. Rg2 Bd7 32. Bxb7 Raf8 33. Be4 Bxf5 34.
Bxf5 Rxf5 35. Rxf5 Rxf5 36. Rg6 1-0

[Event "Chicago op"]
[Site "Chicago USA"]
[Date "2002.05.25"]
[Round "2"]
[White "Vucic, Mladen"]
[Black "Quan Zhe"]
[Result "1/2-1/2"]
[WhiteElo "2401"]
[BlackElo "2172"]
[PlyCount "124"]
[EventDate "2002.05.24"]
[EventType "swiss"]
[EventRounds "7"]
[EventCountry "USA"]
[Source "Mark Crowther"]
[SourceDate "2002.06.17"]

1. d4 Nf6 2. Nf3 g6 3. c4 Bg7 4. g3 O-O 5. Bg2 d6 6. O-O Nbd7 7. Nc3 c6 8. h3
e5 9. e4 Qc7 10. Be3 Re8 11. Re1 b6 12. b4 a6 13. Rc1 Bb7 14. Qb3 exd4 15. Bxd4
Rad8 16. Qb1 Re7 17. Nd2 Rde8 18. Nb3 c5 19. bxc5 bxc5 20. Nd5 Bxd5 21. cxd5
Qb6 22. Bc3 Nh5 23. Qa1 Bxc3 24. Qxc3 Ne5 25. Re3 c4 26. Nd4 Qc5 27. Bf1 Nf6
28. Nc6 Nxc6 29. Qxf6 Ne5 30. Rec3 Nd7 31. Qf3 Rxe4 32. Rxc4 Rxc4 33. Rxc4 Ne5
34. Qe4 Qa3 35. Ra4 Qc3 36. Kg2 a5 37. f4 f5 38. Qe2 Rb8 39. Qf2 Rb2 40. Be2
Nd3 41. Qe3 Kf8 42. Kf3 Rxe2 43. Kxe2 Qc2+ 44. Qd2 Nc1+ 45. Ke3 Qxa4 46. Qxc1
Qe4+ 47. Kf2 Qxd5 48. Qc8+ Kg7 49. Qd7+ Kh6 50. a4 Qc5+ 51. Kg2 d5 52. h4 Qc2+
53. Kg1 Qd3 54. Kf2 Qc2+ 55. Kg1 Qd1+ 56. Kf2 Qd2+ 57. Kf1 d4 58. Qd8 Qe3 59.
Qg5+ Kg7 60. h5 Qe8 61. hxg6 hxg6 62. g4 fxg4 1/2-1/2

[Event "Chicago op"]
[Site "Chicago USA"]
[Date "2002.05.26"]
[Round "4"]
[White "Quan Zhe"]
[Black "Formanek, Edward"]
[Result "1/2-1/2"]
[WhiteElo "2172"]
[BlackElo "2293"]
[PlyCount "120"]
[EventDate "2002.05.24"]
[EventType "swiss"]
[EventRounds "7"]
[EventCountry "USA"]
[Source "Mark Crowther"]
[SourceDate "2002.06.17"]

1. d4 f5 2. g3 Nf6 3. Bg2 g6 4. Nh3 Bg7 5. O-O O-O 6. c3 c6 7. f3 d6 8. Nd2 e5
9. Nb3 e4 10. f4 a5 11. a4 Be6 12. e3 Nbd7 13. Nd2 h6 14. c4 Ne8 15. Qe2 Qb6
16. Kh1 Nc7 17. Rb1 Na6 18. Nf2 Nb4 19. g4 d5 20. c5 Qa6 21. Qxa6 Rxa6 22. gxf5
Bxf5 23. Nb3 b6 24. cxb6 Rxb6 25. Bd2 Ra8 26. Bh3 Bxh3 27. Nxh3 Bf8 28. f5 g5
29. Nf2 Nf6 30. Nc5 Kf7 31. Kg2 Rbb8 32. Ne6 Bd6 33. Rfc1 Ra6 34. h3 Ke7 35.
Ng4 Nd3 36. Rc2 Rh8 37. Nf2 Nxf2 38. Kxf2 Rb8 39. Ke2 Rb3 40. Nc5 Bxc5 41. Rxc5
Rab6 42. Rxa5 Rxb2 43. Ra7+ Nd7 44. Rxb2 Rxb2 45. a5 h5 46. a6 Ra2 47. f6+ Ke6
48. f7 Nf8 49. Kd1 g4 50. hxg4 h4 51. Be1 h3 52. Bg3 h2 53. Bxh2 Rxh2 54. Rb7
Ra2 55. a7 Ng6 56. Kc1 Kf6 57. Rc7 Nf8 58. Kb1 Ra5 59. Kb2 Kg5 60. Rxc6 Rxa7
1/2-1/2

[Event "National Chess Congress"]
[Site "Philadelphia USA"]
[Date "2001.11.23"]
[Round "1"]
[White "Quan Zhe"]
[Black "Sarkar, Justin"]
[Result "0-1"]
[WhiteElo "2272"]
[BlackElo "2372"]
[PlyCount "106"]
[EventDate "2001.11.23"]
[EventType "swiss"]
[EventRounds "6"]
[EventCountry "USA"]
[Source "Mark Crowther"]
[SourceDate "2001.12.03"]

1. d4 e6 2. Nf3 Nf6 3. Bg5 c5 4. e3 Qb6 5. Qc1 Nc6 6. c3 d5 7. Nbd2 Bd7 8. Bd3
Rc8 9. a3 cxd4 10. exd4 Bd6 11. h3 Ne7 12. O-O Ng6 13. g3 Bb5 14. Bxb5+ Qxb5
15. Qc2 h6 16. Be3 O-O 17. Rae1 Qc6 18. Nh2 Ne4 19. Nxe4 dxe4 20. Qe2 f5 21.
Bd2 b5 22. h4 Ne7 23. f4 Nd5 24. Rf2 a5 25. Rc1 Qc4 26. Qxc4 bxc4 27. Nf1 Rf7
28. Ne3 g5 29. Nxd5 exd5 30. Be3 gxh4 31. gxh4 Kh7 32. Rg2 Rg8 33. Rcc2 Rg4 34.
Rxg4 fxg4 35. Kg2 Kg6 36. Kg3 Kh5 37. Rf2 Rb7 38. a4 Rb3 39. Rc2 Be7 40. Rh2
Bd6 41. Rc2 Rb8 42. Rd2 Be7 43. Rh2 Bf6 44. Bc1 e3 45. Bxe3 Re8 46. Bd2 Re4 47.
f5 Bd8 48. Rh1 Re2 49. Bf4 Rxb2 50. Bd6 Rc2 51. Kf4 Bf6 52. Rf1 Rxc3 53. Be5
Bg5+ 0-1

[Event "Kings Island op"]
[Site "Kings Island USA"]
[Date "2001.11.09"]
[Round "1"]
[White "Gersov, Evgeny"]
[Black "Quan Zhe"]
[Result "1/2-1/2"]
[WhiteElo "2292"]
[BlackElo "2272"]
[PlyCount "84"]
[EventDate "2001.11.09"]
[EventType "swiss"]
[EventRounds "5"]
[EventCountry "USA"]
[Source "Mark Crowther"]
[SourceDate "2001.11.19"]

1. e4 c6 2. d4 d5 3. e5 Bf5 4. g4 Bg6 5. Ne2 e6 6. Nf4 Ne7 7. h4 h6 8. Nxg6
Nxg6 9. h5 Ne7 10. c3 Nd7 11. f4 Qc7 12. Kf2 c5 13. Nd2 Nc6 14. Nf3 O-O-O 15.
Be3 Be7 16. a4 c4 17. Nd2 Na5 18. Rb1 Kb8 19. b3 cxb3 20. Nxb3 Nc4 21. Bc1 f6
22. Nd2 Nxd2 23. Bxd2 fxe5 24. fxe5 Rhf8+ 25. Kg2 Nb6 26. Bb5 Bg5 27. Rh3 Bxd2
28. Qxd2 Nc4 29. Qe2 Rf7 30. Rf1 Rdf8 31. Rhf3 Nb6 32. a5 Nc8 33. a6 Nb6 34.
axb7 Qxb7 35. R1f2 Qe7 36. Qd1 Rxf3 37. Rxf3 Rxf3 38. Qxf3 Kc7 39. Qf1 Kb7 40.
Ba6+ Kc7 41. Kg3 Qe8 42. Bb5 Qe7 1/2-1/2

[Event "Kings Island op"]
[Site "Kings Island USA"]
[Date "2001.11.11"]
[Round "4"]
[White "Quan Zhe"]
[Black "Multhopp, Hans"]
[Result "1/2-1/2"]
[WhiteElo "2272"]
[BlackElo "2294"]
[PlyCount "44"]
[EventDate "2001.11.09"]
[EventType "swiss"]
[EventRounds "5"]
[EventCountry "USA"]
[Source "Mark Crowther"]
[SourceDate "2001.11.19"]

1. d4 Nf6 2. Nf3 g6 3. Bg5 Bg7 4. Nbd2 O-O 5. c3 d6 6. e4 Nbd7 7. Bd3 e5 8. h3
b6 9. O-O Bb7 10. Re1 Qe8 11. Qc2 h6 12. Be3 Nh5 13. Kh2 Qe7 14. g3 Rae8 15.
Nh4 Qd8 16. Be2 Nhf6 17. Bf3 d5 18. exd5 Bxd5 19. Rad1 Qa8 20. c4 exd4 21. Bxd4
Bxf3 22. Nhxf3 c5 1/2-1/2

[Event "Kings Island op"]
[Site "Kings Island USA"]
[Date "2001.11.11"]
[Round "5"]
[White "Boor, Carl"]
[Black "Quan Zhe"]
[Result "1-0"]
[WhiteElo "2140"]
[BlackElo "2272"]
[PlyCount "80"]
[EventDate "2001.11.09"]
[EventType "swiss"]
[EventRounds "5"]
[EventCountry "USA"]
[Source "Mark Crowther"]
[SourceDate "2001.11.19"]

1. Nf3 g6 2. e4 Bg7 3. d4 d6 4. Nc3 Nf6 5. h3 O-O 6. Be3 c6 7. Bd3 Nbd7 8. Qd2
e5 9. dxe5 dxe5 10. Bh6 Qc7 11. Qg5 Nh5 12. Ne2 Re8 13. g4 Nhf6 14. Bxg7 Kxg7
15. Ng3 Nc5 16. Nh4 Ng8 17. Nhf5+ Kh8 18. Nh6 f6 19. Qe3 Ne6 20. Nxg8 Kxg8 21.
Bc4 Kg7 22. Bxe6 Bxe6 23. O-O-O Qe7 24. Kb1 b5 25. Rdg1 Kh8 26. Ne2 b4 27. h4
Kg7 28. g5 f5 29. h5 f4 30. Nxf4 exf4 31. Qd4+ Kf8 32. hxg6 hxg6 33. Rh8+ Bg8
34. Rgh1 Qe5 35. Qxb4+ c5 36. Qb3 Kg7 37. Rxg8+ Rxg8 38. Qb7+ Kf8 39. Qxa8+ Kf7
40. Rh7+ Rg7 1-0

[Event "USA-op"]
[Site "Framingham USA"]
[Date "2001.08.11"]
[Round "8"]
[White "Haessler, Carl"]
[Black "Quan Zhe"]
[Result "1-0"]
[WhiteElo "2252"]
[BlackElo "2272"]
[PlyCount "43"]
[EventDate "2001.08.04"]
[EventType "swiss"]
[EventRounds "9"]
[EventCountry "USA"]
[Source "Mark Crowther"]
[SourceDate "2001.08.20"]

1. Nf3 g6 2. d4 Nf6 3. b3 Bg7 4. Bb2 O-O 5. g3 d5 6. Bg2 Ne4 7. Nbd2 Nxd2 8.
Qxd2 c5 9. O-O-O c4 10. e4 cxb3 11. axb3 dxe4 12. Ne5 f6 13. Nc4 f5 14. f3 exf3
15. Bxf3 Qc7 16. Rhe1 Rd8 17. d5 Bxb2+ 18. Kxb2 e6 19. Qc3 Qf7 20. dxe6 Qe7 21.
Rxd8+ Qxd8 22. e7 1-0

[Event "World Corporate West A"]
[Site "chess.com INT"]
[Date "2021.02.20"]
[Round "3.2"]
[White "Quan Zhe"]
[Black "Riverol, J."]
[Result "0-1"]
[WhiteElo "2432"]
[BlackElo "2304"]
[PlyCount "88"]
[EventDate "2021.02.20"]
[EventType "team (rapid)"]
[EventRounds "7"]
[EventCountry "NET"]
[Source "Mark Crowther"]
[SourceDate "2021.02.22"]
[WhiteTeam "Goldman Sachs"]
[BlackTeam "ANCAP"]

1. d4 Nf6 2. Bg5 d5 3. e3 c5 4. c3 Nc6 5. Nd2 Qb6 6. Qb3 e6 7. Ngf3 Bd6 8. Bxf6
gxf6 9. Be2 O-O 10. O-O f5 11. Qc2 Bd7 12. a3 Rac8 13. dxc5 Bxc5 14. b4 Be7 15.
c4 dxc4 16. Nxc4 Qc7 17. Qb2 b5 18. Ncd2 a6 19. Rac1 Qb6 20. Nb3 Rfd8 21. Nc5
Be8 22. e4 a5 23. exf5 axb4 24. axb4 Nxb4 25. Qxb4 Rxc5 26. f6 Bf8 27. Qg4+ Kh8
28. Ng5 h6 29. Ne4 Rxc1 30. Rxc1 Qd4 31. h4 b4 32. Rb1 Bc6 33. Bf3 Bxe4 34.
Bxe4 Qxf6 35. Rb3 Qa1+ 36. Kh2 Bd6+ 37. g3 Qg7 38. Qh5 f5 39. Bb1 f4 40. Kh3
fxg3 41. fxg3 Rg8 42. g4 Qf6 43. Kg2 Rf8 44. g5 Qf1# 0-1